MARC details
| 000 -LEADER |
| fixed length control field |
01245nam a22002777a 4500 |
| 003 - CONTROL NUMBER IDENTIFIER |
| control field |
OSt |
| 005 - DATE AND TIME OF LATEST TRANSACTION |
| control field |
20250904150823.0 |
| 008 - FIXED-LENGTH DATA ELEMENTS--GENERAL INFORMATION |
| fixed length control field |
240425b ||||| |||| 00| 0 eng d |
| 040 ## - CATALOGING SOURCE |
| Transcribing agency |
0 |
| 082 ## - DEWEY DECIMAL CLASSIFICATION NUMBER |
| Classification number |
DPer 621.317 Ie21 November 2022 v. 37 n. 11 |
| 100 ## - MAIN ENTRY--PERSONAL NAME |
| Personal name |
Wang, Jianing. |
| Relator term |
author. |
| 9 (RLIN) |
56691 |
| 245 ## - TITLE STATEMENT |
| Title |
In-depth design and multiobjective optimization of an integrated transformer for five-phase LLC resonant converters / |
| Statement of responsibility, etc. |
Jianing Wang, Jiawen Hu, Wei Pei, Zhiqing Yang, Jiacai Zhuang, and Xing Zhang. |
| 260 ## - PUBLICATION, DISTRIBUTION, ETC. (IMPRINT) |
| Place of publication, distribution, etc. |
New York ; |
| Name of publisher, distributor, etc. |
The Institute of Electrical and Electronics Engineers, Inc. , |
| Date of publication, distribution, etc. |
November 2022. |
| 300 ## - PHYSICAL DESCRIPTION |
| Extent |
Volume 37, pages 13538-13553 : |
| Other physical details |
illustration ; |
| Dimensions |
28 cm. |
| 500 ## - GENERAL NOTE |
| General note |
IEEE Transactions on Power Electronics, vol. 37, no 11, pages 13538-13553, November 2022. |
| 650 #0 - SUBJECT ADDED ENTRY--TOPICAL TERM |
| Topical term or geographic name as entry element |
Five-phase LLC (5P-LLC) resonant converter. |
| 9 (RLIN) |
67219 |
| 650 #0 - SUBJECT ADDED ENTRY--TOPICAL TERM |
| Topical term or geographic name as entry element |
Power transformer insulation. |
| 9 (RLIN) |
67220 |
| 650 #0 - SUBJECT ADDED ENTRY--TOPICAL TERM |
| Topical term or geographic name as entry element |
Multiobjective optimization. |
| 9 (RLIN) |
67221 |
| 700 ## - ADDED ENTRY--PERSONAL NAME |
| Personal name |
Wang, Jianing. |
| Relator term |
author. |
| 9 (RLIN) |
56691 |
| 700 ## - ADDED ENTRY--PERSONAL NAME |
| Personal name |
Hu, Jiawen. |
| Relator term |
author. |
| 9 (RLIN) |
56692 |
| 700 ## - ADDED ENTRY--PERSONAL NAME |
| Personal name |
Pei, Wei. |
| Relator term |
author. |
| 9 (RLIN) |
56693 |
| 700 ## - ADDED ENTRY--PERSONAL NAME |
| Personal name |
Yang, Zhiqing. |
| Relator term |
author. |
| 9 (RLIN) |
56694 |
| 700 ## - ADDED ENTRY--PERSONAL NAME |
| Personal name |
Zhuang, Jiacai. |
| Relator term |
author. |
| 9 (RLIN) |
56695 |
| 700 ## - ADDED ENTRY--PERSONAL NAME |
| Personal name |
Zhang, Xing. |
| Relator term |
author. |
| 9 (RLIN) |
56696 |
| 942 ## - ADDED ENTRY ELEMENTS (KOHA) |
| Source of classification or shelving scheme |
Dewey Decimal Classification |
| Koha item type |
Periodicals |